000 00517nam a2200181 i 4500
001 113361
003 ES-MaACL
005 20250910063113.0
007 t|
008 061121s1956 sp r ||||1| spa d
100 1 _aPalacios, Julio,
_d1891-1970
_988408
245 1 0 _aAnĂ¡lisis dimensional /
_cJulio Palacios.
260 _aMadrid :
_bEspasa Calpe,
_c1956.
300 _a275 p. ;
_c21 cm.
650 4 _aAnĂ¡lisis dimensional.
_9160864
852 _aES-MaACL
_jC-10372
_bR.38356
999 _c113361
_d113361